000 00406nam a22001697a 4500
003 NUST - PNEC
005 20170116181126.0
008 151005b xxu||||| |||| 00| 0 eng d
020 _a-
040 _cLIBRARY
082 _a891.6391 SAG
100 _913674
_aSagar Sidiqui
245 _aKuliyate Sagar
_cSagar Sidiqui
260 _cc.1990
650 _913675
_aUrdu Poetry
_xGeneral
942 _2ddc
_cBK
999 _c69741
_d69741